000 01991cam a2200337 a 4500
999 _c25406
_d25406
001 15574114
003 OSt
005 20170131115219.0
008 090105s2010 mauaf b 001 0 eng
010 _a 2008055768
015 _aGBA976410
_2bnb
016 7 _a015341357
_2Uk
020 _a9780262013284 (hardcover : alk. paper)
020 _a0262013282 (hardcover : alk. paper)
035 _a(OCoLC)ocn297222796
040 _aDLC
_cDLC
_dBTCTA
_dYDXCP
_dC#P
_dCDX
_dUKM
_dDLC
050 0 0 _aRC78.7.N83T445 2009
082 0 0 _a616.07/54
_222
100 1 _aTheis, Fabian J.
_d2009
245 1 0 _aBiomedical signal analysis :
_bcontemporary methods and applications /
_cFabian J. Theis and Anke Meyer-Bäse.
260 _aCambridge, Mass. :
_bMIT Press,
_c2009.
300 _axiii, 415 p., [8] p. of plates :
_bill. (some col.) ;
_c24 cm.
500 _aIncludes bibliographical references and index.
505 0 _aFoundations of medical imaging and signal recording -- Spectral transformations -- Information theory and principal component analysis -- Independent component analysis and blind source separation -- Dependent component analysis -- Pattern recognition techniques -- Fuzzy clustering and genetic algorithms -- Exploratory data analysis methods for fMRI -- Low-frequency functional connectivity in fMRI -- Classification of dynamic breast MR image data -- Dynamic cerebral contrast-enhanced perfusion MRI -- Skin lesion classification -- Microscopic slice image processing and automatic labeling -- NMR water artifact removal.
600 _2Diagnostic imaging
650 0 _aMagnetic resonance imaging.
650 0 _aImage processing.
650 0 _aDiagnostic imaging.
700 1 _aMeyer-Bäse, Anke.
906 _a7
_bcbc
_corignew
_d1
_eecip
_f20
_gy-gencatlg
942 _2lcc
_cBOOKS
_hRC78.7.N83T445 2009
_k32997